000 00335nam a2200133Ia 4500
005 20260328101506.0
008 260328s9999||||xx |||||||||||||| ||und||
100 _aChampigneulle, Bernard
245 0 _aPerret /
_cBernard Champigneulle
260 _bArts Et Metiers Graphiques
300 _a156 p.
650 _aARQUITECTOS
942 _cBK
999 _c9026
_d9026